| 000 | 01233nam a2200337 i 4500 | ||
|---|---|---|---|
| 003 | EG-ScBUE | ||
| 005 | 20230326094058.0 | ||
| 008 | 160229s2006 enka f b 001 0 eng d | ||
| 020 | _a9781845111915 (pbk.) | ||
| 020 | _a1845111915 (pbk.) | ||
| 040 |
_aEG-ScBUE _beng _erda _cEG-ScBUE _dEG-ScBUE |
||
| 043 |
_ama----- _an-us--- |
||
| 082 | 0 | 4 |
_a791.43658 _bKHA _222 |
| 100 | 1 |
_aKhatib, Lina _q(Lina H.) _eauthor. _938035 |
|
| 245 | 1 | 0 |
_aFilming the modern Middle East : _bpolitics in the cinemas of Hollywood and the Arab world / _cLina Khatib. |
| 264 | 1 |
_aLondon ; _aNew York : _bI. B. Tauris, _c2006. |
|
| 300 |
_aviii, 242 pages : _billustrations ; _c24 cm. |
||
| 336 |
_2rdacontent _atext _btxt |
||
| 337 |
_2rdamedia _aunmediated _bn |
||
| 338 |
_2rdacarrier _avolume _bnc |
||
| 490 | 0 |
_aLibrary of modern Middle East studies ; _v57 |
|
| 504 | _aIncludes bibliographical references and index. | ||
| 650 | 7 |
_aPolitics in motion pictures. _2BUEsh |
|
| 650 | 7 |
_aMotion pictures _zArab countries _xHistory. _2BUEsh |
|
| 650 | 7 |
_aMotion pictures _zUnited States _xHistory. _2BUEsh |
|
| 650 | _2BUEsh | ||
| 651 | 7 |
_aMiddle East _xIn mass media. _2BUEsh |
|
| 653 |
_bCOMAME _cFebruary2016 |
||
| 655 | _vReading book | ||
| 942 |
_cNB _2ddc |
||
| 999 |
_c5054 _d5054 |
||